| 000 | 00512nam a2200157Ia 4500 | ||
|---|---|---|---|
| 008 | 170221s9999 xx 000 0 und d | ||
| 100 | _aWengu Chen | ||
| 245 | _aBlind Recognition of (n−1)/n Rate Punctured Convolutional Encoders in a Noisy Environment | ||
| 245 | _cWengu Chen and Guoqing Wu | ||
| 260 | _bJournal of Communications | ||
| 260 | _c2013 | ||
| 300 | _aXI : 2 | ||
| 650 | _xCommunication | ||
| 650 | _xMedia Arts | ||
| 856 | _uhttp://www.jocm.us/index.php?m=content&c=index&a=lists&catid=129 | ||
| 999 |
_c308882 _d308882 |
||